000 00410nam a2200169Ia 4500
005 20250423101331.0
008 250422s9999 xx 000 0 und d
020 _a1- 57683- 289-9
050 _aBS 195 .M47/
100 _aEugene H. Peterson
245 4 _aThe message: the Bible in contemporary language
260 _aColorado
260 _bNavpress
260 _c2002
300 _a2265 p
942 _cBK
999 _c36001
_d36001